| 000 | 01002nam a22002415i 4500 | ||
|---|---|---|---|
| 001 | 156087 | ||
| 003 | ES-MaACL | ||
| 005 | 20250804062646.0 | ||
| 008 | 040727s1890 xxk |||| | eng d | ||
| 040 |
_aCAM _bspa _cCAM |
||
| 100 | 0 |
_aIrving, Washington, _d1783-1859 _965506 |
|
| 245 | 1 | 2 |
_aA chronicle of the conquest of Granada _b: fron the Mss. of Fray Antonio Agapida ; To which is added Legends of the conquest of Spain / _cby Washington Irving. |
| 260 |
_aLondon : _bGeorge Bell and Sons, _c1890 ( _fprinted by William Clowes and Sons) |
||
| 300 |
_a2 v. (VIII, 248 ; 249-492 p.) ; _c18 cm. |
||
| 650 | 7 |
_aNovela inglesa _9137408 _2embne |
|
| 651 | 4 |
_aEspaña- _xHistoria- _y0711-1492, Reconquista. _98217 |
|
| 655 | 0 |
_aNovelas _9234319 |
|
| 700 | 1 |
_aIrving, Washington, _d1783-1859. _tLegends of the conquest of Spain _9222515 |
|
| 752 |
_aGran Bretaña - _cLondres |
||
| 852 |
_aES-MaACL _jG-10549-10550 _z-- Enc. pasta española |
||
| 942 | _2udc | ||
| 999 |
_c156087 _d156087 |
||